Todos los Clubes en Primera División en Sudamérica - Estadísticas

Estadísticas generales
  • Esta prueba ha sido intentada 76 veces
  • La puntuación promedio es 77 de 179
Estadísticas de respuestas
País Club % Correcto
Argentina Boca Juniors
98%
Argentina River Plate
97%
Uruguay River Plate
97%
Chile Colo-Colo
94%
Ecuador El Nacional
92%
Argentina Independiente
92%
Paraguay | Uruguay Nacional
92%
Brasil Flamengo
90%
Uruguay Racing
90%
Argentina Racing Club
90%
Uruguay Peñarol
89%
Argentina Estudiantes de la Plata
85%
Venezuela Estudiantes de Mérida
85%
Brasil Palmeiras
85%
Perú Alianza Lima
84%
Argentina San Lorenzo
84%
Brasil Santos
84%
Chile Universidad Católica
82%
Brasil Fluminense
79%
Argentina Newell's Old Boys
79%
Argentina Argentinos Juniors
77%
Bolivia Bolívar
77%
Brasil Corinthians
77%
Argentina Rosario Central
77%
Brasil São Paulo
77%
Argentina Vélez Sarsfield
77%
Colombia América de Cali
76%
Brasil Botafogo
76%
Venezuela Caracas
76%
Paraguay Olimpia
76%
Perú Universitario
76%
Ecuador Barcelona SC
74%
Brasil Atlético Mineiro
73%
Uruguay Cerro
73%
Perú Sporting Cristal
73%
Argentina Talleres
73%
Colombia Atlético Nacional
71%
Brasil Cruzeiro
71%
Argentina Huracán
71%
Chile Universidad de Chile
71%
Argentina Defensa y Justicia
68%
Brasil Internacional
68%
Brasil Grêmio
66%
Colombia Millonarios
66%
Bolivia The Strongest
66%
Brasil Vasco da Gama
66%
Paraguay Cerro Porteño
65%
Argentina Banfield
63%
Argentina Gimnasia y Esgrima
63%
Argentina Belgrano
61%
Colombia Deportivo Cali
61%
Brasil Fortaleza
61%
Colombia Fortaleza CEIF
61%
Ecuador Universidad Católica de Ecuador
61%
Argentina Aldosivi
60%
Brasil Bahia
60%
Ecuador Emelec
60%
Argentina Lanús
60%
Argentina Platense
60%
Venezuela Deportivo Táchira
56%
Ecuador Independiente del Valle
56%
Chile Palestino
56%
Argentina Deportivo Riestra
55%
Argentina Godoy Cruz
55%
Argentina Tigre
55%
Colombia Atlético Bucaramanga
53%
Argentina Atlético Tucumán
53%
Paraguay Libertad
53%
Ecuador Libertad de Loja
53%
Colombia Junior
52%
Ecuador Liga Deportiva Universitaria de Quito
52%
Uruguay Liverpool
52%
Colombia Once Caldas
52%
Argentina Barracas Central
48%
Chile Cobresal
48%
Argentina Independiente Rivadavia
48%
Argentina San Martín de San Juan
48%
Ecuador Delfín SC
45%
Argentina Instituto
45%
Colombia Santa Fe
44%
Chile Unión Española
44%
Argentina Central Córdoba
42%
Colombia Independiente Medellín
42%
Perú Melgar
42%
Uruguay Danubio
40%
Chile Deportes Iquique
40%
Argentina Sarmiento
40%
Bolivia Always Ready
39%
Argentina Unión Santa Fe
39%
Chile Audax Italiano
37%
Colombia Deportes Tolima
37%
Colombia Deportivo Pasto
37%
Chile Huachipato
35%
Uruguay Juventud
35%
Chile Coquimbo Unido
34%
Perú Cusco FC
34%
Bolivia Oriente Petrolero
34%
Colombia Deportivo Pereira
32%
Paraguay Guaraní
32%
Uruguay Montevideo City
32%
Uruguay Montevideo Wanderers
32%
Brasil Bragantino
31%
Brasil Mirassol
31%
Chile O'Higgins
31%
Bolivia Blooming
29%
Uruguay Defensor Sporting
29%
Colombia Envigado FC
29%
Bolivia Jorge Wilstermann
29%
Venezuela Carabobo
27%
Perú Cienciano
27%
Brasil Ceará
26%
Bolivia San Antonio Bulo Bulo
26%
Perú Sport Boys
26%
Colombia Unión Magdalena
26%
Brasil Vitória
26%
Perú Deportivo Binacional
24%
Perú Juan Pablo II
24%
Brasil Juventude
24%
Colombia La Equidad
24%
Bolivia Nacional Potosí
24%
Chile Ñublense
24%
Brasil Sport Recife
24%
Paraguay Sportivo Luqueño
23%
Colombia Águilas Doradas
21%
Ecuador Aucas
21%
Chile Everton
21%
Perú Sport Huancayo
21%
Colombia Alianza FC
19%
Colombia Boyacá Chicó
19%
Chile Deportes La Serena
19%
Bolivia GV San José
19%
Venezuela Monagas
19%
Ecuador Mushuc Runa
19%
Chile Unión La Calera
19%
Perú Atlético Grau
18%
Bolivia Aurora
18%
Uruguay Boston River
18%
Uruguay Cerro Largo
18%
Venezuela Deportivo La Guaira
18%
Bolivia Independiente Petrolero
18%
Perú Deportivo Garcilaso
16%
Colombia Llaneros
16%
Paraguay Sportivo 2 de Mayo
15%
Perú Alianza Atlético
13%
Perú Ayacucho FC
13%
Chile Deportes Limache
13%
Venezuela Metropolitanos
13%
Venezuela Portuguesa
13%
Paraguay Sportivo Trinidense
13%
Venezuela Academia Puerto Cabello
11%
Paraguay General Caballero
11%
Perú Los Chankas
11%
Ecuador Macará
11%
Uruguay Plaza Colonia
11%
Venezuela Zamora
11%
Perú Alianza Universidad
10%
Perú Comerciantes Unidos
10%
Ecuador Orense
10%
Uruguay Progreso
10%
Paraguay Sportivo Ameliano
10%
Perú UTC Cajamarca
10%
Perú AD Tarma
8%
Bolivia Guabirá
8%
Venezuela Rayo Zuliano
8%
Venezuela Anzoátegui
6%
Ecuador Cuenca
6%
Paraguay Deportivo Recoleta
6%
Bolivia Real Tomayapo
6%
Venezuela Universidad Central
6%
Bolivia Universitario de Vinto
6%
Bolivia ABB
5%
Paraguay Atlético Tembetary
5%
Uruguay Miramar Misiones
5%
Ecuador Técnico Universitario
3%
Ecuador Manta FC
2%
Bolivia Totora Real Oruro
2%
Ecuador Vinotinto del Ecuador FC
2%
Venezuela Yaracuyanos
2%
No se encontraron pruebas coincidentes
Distribución de puntuación
Porcentaje de gente con cada puntuación
Porcentaje por número respondido
Historial de tus puntuaciones
No has intentado esta prueba.